The House of Commons at work / (Record no. 9611)
[ view plain ]
| 000 -LEADER | |
|---|---|
| fixed length control field | 00739nam a2200277 a 4500 |
| 001 - CONTROL NUMBER | |
| JCCL Control Number | 9611 |
| 003 - CONTROL NUMBER IDENTIFIER | |
| JCCL marc code | BD-JhCC |
| 005 - DATE AND TIME OF LATEST TRANSACTION | |
| control field | 20180320180522.0 |
| 008 - FIXED-LENGTH DATA ELEMENTS--GENERAL INFORMATION | |
| fixed length control field | 180320s1979 enk b 001 0 eng d |
| 020 ## - INTERNATIONAL STANDARD BOOK NUMBER | |
| International Standard Book Number | 0333233190 |
| 020 ## - INTERNATIONAL STANDARD BOOK NUMBER | |
| International Standard Book Number | 0333233204 (pbk.) |
| 035 ## - SYSTEM CONTROL NUMBER | |
| system control number | BD-JhCC)9611 |
| 040 ## - CATALOGING SOURCE | |
| Original cataloging agency | BD-JhCC |
| Transcribing agency | DLC |
| Modifying agency | BD-JhCC |
| 041 ## - LANGUAGE CODE | |
| Language code of Book | eng |
| 082 ## - DEWEY DECIMAL CLASSIFICATION NUMBER | |
| Classification number | 328.42 |
| Author mark and Year | TAY 1963 |
| 100 1# - MAIN ENTRY--PERSONAL NAME | |
| Personal name | Taylor, Eric, |
| Dates associated with a name | 1918- |
| 245 14 - TITLE STATEMENT | |
| Title | The House of Commons at work / |
| Statement of responsibility, etc | Eric Taylor |
| 250 ## - EDITION STATEMENT | |
| Edition statement | 9th ed. |
| 260 ## - PUBLICATION, DISTRIBUTION, ETC. (IMPRINT) | |
| Place of publication, distribution, etc | London : |
| Name of publisher, distributor, etc | Macmillan Press, |
| Date of publication, distribution, etc | 1979 |
| 300 ## - PHYSICAL DESCRIPTION | |
| Pagination | x, 256p. ; |
| Dimensions | 20cm |
| 500 ## - GENERAL NOTE | |
| General note | Includes index |
| 504 ## - BIBLIOGRAPHY, ETC. NOTE | |
| Bibliography, etc | Bibliography: p. [181]-184 |
| 610 10 - SUBJECT ADDED ENTRY--CORPORATE NAME | |
| Corporate name or jurisdiction name as entry element | Great Britain. |
| Subordinate unit | Parliament. |
| -- | House of Commons |
| 942 ## - ADDED ENTRY ELEMENTS (KOHA) | |
| Source of classification or shelving scheme | Dewey Decimal Classification |
| Koha item type | Books |
| Source of classification or shelving scheme | Damaged status | Not for loan | Home library | Current library | Shelving location | Date of accession | Total Checkouts | Full call number | Barcode | Date last seen | Copy number | Koha item type |
|---|---|---|---|---|---|---|---|---|---|---|---|---|
| Dewey Decimal Classification | JCC Rouf Library | JCC Rouf Library | General Stacks | 03/20/2018 | 328.42 TAY 1963 | 12641 | 03/20/2018 | C-1 | Books |